Electrochemistry of germanium and silicon /

Bibliographic Details
Main Author: Efimov, Evgenii Aleksandrovich
Other Authors: Erusalimchik, Iosif Grigorevich
Format: Book
Language:English
Russian
Published: [Washington] : Sigma Press, [1963]
Subjects:

MARC

Tag First Indicator Second Indicator Subfields
LEADER 00000cam a2200000 4500
001 in00000044348
005 20151007072912.0
008 770202s1963 dcua b 00110 eng
010 |a  63022461  
035 |a (OCoLC)02716680 
035 |9 AAE8770AM 
040 |a DLC  |c GAT  |d TXA  |d UtOrBLW 
041 1 |a eng  |a rus 
049 |a TXAM  |c [368732] 
050 0 0 |a QD571  |b .E313 
082 0 |a 547.137 
092 |a 547.137  |b E27e, 1963 
100 1 |a Efimov, Evgenii Aleksandrovich. 
245 1 0 |a Electrochemistry of germanium and silicon /  |c by E. A. Efimov and I. G. Erusalimchik. Translation by Adam Peiperl. Figures reproduced by Alexander W. Fowler. 
264 1 |a [Washington] :  |b Sigma Press,  |c [1963] 
300 |a vi, 199 pages :  |b diagrams ;  |c 21 cm. 
336 |a text  |b txt  |2 rdacontent 
337 |a unmediated  |b n  |2 rdamedia 
338 |a volume  |b nc  |2 rdacarrier 
504 |a Includes bibliographical references. 
650 0 |a Electrochemistry. 
650 0 |a Germanium. 
650 0 |a Silicon. 
700 1 |a Erusalimchik, Iosif Grigorevich. 
999 |a MARS 
999 f f |s 95c040ed-ee67-3246-b4fb-14607fb05c4e  |i da944d2f-25c4-3fc4-980f-8dbe6cab4070  |t 0 
952 f f |p ric  |a Texas A&M University  |b Rellis Campus  |c Joint Library Facility  |s JLF  |d Remote Storage  |t 0  |e QD571 .E313  |h Library of Congress classification  |i unmediated -- volume  |m A14800944146 
998 f f |a QD571 .E313  |t 0  |l Remote Storage